<?xml version="1.0" encoding="UTF-8"?>
<record
    xmlns:xsi="http://www.w3.org/2001/XMLSchema-instance"
    xsi:schemaLocation="http://www.loc.gov/MARC21/slim http://www.loc.gov/standards/marcxml/schema/MARC21slim.xsd"
    xmlns="http://www.loc.gov/MARC21/slim">

  <leader>00799nam a2200205 a 4500</leader>
  <controlfield tag="001">4618</controlfield>
  <controlfield tag="003">CDMR</controlfield>
  <controlfield tag="005">20151022114802.0</controlfield>
  <controlfield tag="008">130130s1994||||||||||||||||||1|||||cat|d</controlfield>
  <datafield tag="040" ind1=" " ind2=" ">
    <subfield code="a">CDMR</subfield>
    <subfield code="b">cat</subfield>
    <subfield code="c">CDMR</subfield>
  </datafield>
  <datafield tag="111" ind1="2" ind2=" ">
    <subfield code="9">3630</subfield>
    <subfield code="a">Jornades d'Hist&#xF2;ria de la Premsa</subfield>
    <subfield code="c">Sant Cugat del Vall&#xE8;s</subfield>
    <subfield code="d">1992</subfield>
    <subfield code="n">1es</subfield>
  </datafield>
  <datafield tag="245" ind1="1" ind2="0">
    <subfield code="a">Gazeta</subfield>
    <subfield code="b">: actes de les primeres Jornades d'Hist&#xF2;ria de la Premsa</subfield>
  </datafield>
  <datafield tag="260" ind1=" " ind2=" ">
    <subfield code="a">Barcelona</subfield>
    <subfield code="c">1994</subfield>
    <subfield code="b">Societat Catalana de la Comunicaci&#xF3;</subfield>
  </datafield>
  <datafield tag="300" ind1=" " ind2=" ">
    <subfield code="a">394 p.</subfield>
  </datafield>
  <datafield tag="500" ind1=" " ind2=" ">
    <subfield code="a">El t&#xED;tol de les actes &#xE9;s un homenatge a la primera publicaci&#xF3; peri&#xF2;dica de la Pen&#xED;nsula, apareguda a Barcelona l'any 1641</subfield>
  </datafield>
  <datafield tag="650" ind1="0" ind2="4">
    <subfield code="9">1130</subfield>
    <subfield code="a">Premsa</subfield>
    <subfield code="x">Hist&#xF2;ria</subfield>
    <subfield code="v">Congressos</subfield>
  </datafield>
  <datafield tag="700" ind1="1" ind2=" ">
    <subfield code="9">13</subfield>
    <subfield code="a">Figueres i Artigues, Josep Maria</subfield>
    <subfield code="e">pr.</subfield>
  </datafield>
  <datafield tag="710" ind1="2" ind2=" ">
    <subfield code="9">94</subfield>
    <subfield code="a">Societat Catalana de Comunicaci&#xF3;</subfield>
  </datafield>
  <datafield tag="942" ind1=" " ind2=" ">
    <subfield code="c">MON</subfield>
    <subfield code="2">udc</subfield>
  </datafield>
  <datafield tag="999" ind1=" " ind2=" ">
    <subfield code="c">4618</subfield>
    <subfield code="d">4618</subfield>
  </datafield>
  <datafield tag="952" ind1=" " ind2=" ">
    <subfield code="0">0</subfield>
    <subfield code="1">0</subfield>
    <subfield code="4">0</subfield>
    <subfield code="7">0</subfield>
    <subfield code="a">CDMR</subfield>
    <subfield code="b">CDMR</subfield>
    <subfield code="d">2013-01-16</subfield>
    <subfield code="l">0</subfield>
    <subfield code="o">Du 7/3</subfield>
    <subfield code="p">CDMR13108136</subfield>
    <subfield code="r">2013-01-16</subfield>
    <subfield code="w">2013-01-16</subfield>
    <subfield code="y">MON</subfield>
  </datafield>
</record>
